Catálogo público

Plant pathogenesis and disease control / (Record no. 206502)

MARC details
000 -CABECERA
campo de control de longitud fija 00697nam a2200265Ia 4500
001 - NÚMERO DE CONTROL
campo de control Para_7588
003 - IDENTIFICADOR DEL NÚMERO DE CONTROL
campo de control CHAP
008 - DATOS DE LONGITUD FIJA--INFORMACIÓN GENERAL
campo de control de longitud fija 220125s1994 xx 000 0 und d
010 ## - NÚMERO DE CONTROL DE LA BIBLIOTECA DEL CONGRESO
Número de control de LC 206502
040 ## - FUENTE DE LA CATALOGACIÓN
Centro/agencia transcriptor CHAP
082 ## - NÚMERO DE LA CLASIFICACIÓN DECIMAL DEWEY
Número de clasificación PA 632 O4
100 ## - ENTRADA PRINCIPAL--NOMBRE DE PERSONA
Nombre de persona Oku, Hachiro
9 (RLIN) 172796
245 ## - MENCIÓN DE TÍTULO
Título Plant pathogenesis and disease control /
Mención de responsabilidad, etc. by Hachiro Oku
260 ## - PUBLICACIÓN, DISTRIBUCIÓN, ETC.
Lugar de publicación, distribución, etc. Boca Raton, Flo. :
Nombre del editor, distribuidor, etc. Lewis Publishers
300 ## - DESCRIPCIÓN FÍSICA
Extensión 193 p.
650 ## - PUNTO DE ACCESO ADICIONAL DE MATERIA--TÉRMINO DE MATERIA
Término de materia o nombre geográfico como elemento de entrada Fitopatología
9 (RLIN) 41161
650 ## - PUNTO DE ACCESO ADICIONAL DE MATERIA--TÉRMINO DE MATERIA
Término de materia o nombre geográfico como elemento de entrada Plantas
Subdivisión general enfermedades
9 (RLIN) 88828
901 ## - ELEMENTOS DE DATOS A LOCAL LDA (RLIN)
a PA 632 O4
902 ## - ELEMENTOS DE DATOS B LOCAL, LDB (RLIN)
a A
905 ## - ELEMENTOS DE DATOS E LOCAL, LDE (RLIN)
a 0000001994 a 0000000000 00
910 ## - DATOS DE OPCIÓN DEL USUARIO (OCLC)
Datos de opción del usuario 1994
942 ## - ELEMENTOS DE PUNTO DE ACCESO ADICIONAL (KOHA)
Tipo de ítem Koha Parasitologia_
942 ## - ELEMENTOS DE PUNTO DE ACCESO ADICIONAL (KOHA)
Tipo de ítem Koha Parasitologia_
-- 1
Holdings
Estado de retiro Estado de pérdida Fuente del sistema de clasificación o colocación Estado dañado Restricciones de uso No para préstamo Código de colección Localización permanente Ubicación/localización actual Fecha de adquisición Número de inventario Total de préstamos Signatura topográfica completa Código de barras Fecha visto por última vez Número de copia Precio válido a partir de Tipo de ítem Koha Nota pública
    Dewey Decimal Classification   Préstamo interno   General Parasitologia Agricola Parasitologia Agricola 27/10/2005 (PA_5383) (No. UACh 0172848)   PA 632 O4 4102001835 25/01/2022 Ej.1 25/01/2022 Libro 3